| 000 | 00494nam a2200193Ia 4500 | ||
|---|---|---|---|
| 003 | GCL | ||
| 005 | 20240530100155.0 | ||
| 008 | 140319s9999 xx 000 0 eng d | ||
| 040 |
_aGCL / _cGCL |
||
| 082 | 0 | 4 |
_a780.92 _bG B |
| 100 | 1 | _aGUTHRIE WOODY | |
| 245 | 1 | 0 |
_aBOUND FOR GLORY / _cGUTHRIE WOODY |
| 260 |
_a[S.N] : _bPAN BOOK LTD ، _c1969 |
||
| 300 | _a320 P | ||
| 650 | 0 | 4 | _aFOLK MUSIC - UNITED STATES |
| 650 | 0 | 4 | _aSINGERS |
| 650 | 0 | 4 | _aWOODY GUTHRIE, 1912 - 1967 |
| 942 |
_2ddc _cBK |
||
| 999 |
_c14815 _d14815 |
||